Meest oostelijke landen van afrika - Statistieken

Algemene statistieken
  • Deze quiz is 31 keer genomen
    19 sinds de laatste reset
  • De gemiddelde score is 7 van 9
Antwoordstatistieken
Antwoord % Correct
Djibouti
80%
Seychellen
80%
Somalie
80%
Eritrea
73%
Ethiopie
73%
Kenia
73%
Mauritius
73%
Soedan
73%
Madagaskar
67%
Geen overeenkomende quizzen gevonden
Scoreverdeling
Procent van Mensen met Elke Score
Percentiel versus Aantal Correcte Antwoorden
Uw Scoregeschiedenis
U heeft deze quiz nog niet genomen sinds de laatste reset